Statistics for Old Place Names Quiz

Click here to take the quiz!

General Stats

  • This quiz has been taken 29 times
    (13 since last reset)
  • The average score is 19 of 44

Answer Stats

Old NameCurrent Name% Correct
BombayMumbai
83%
PekingBeijing
75%
PersiaIran
75%
CalcuttaKolkata
75%
BurmaMyanmar
75%
FormosaTaiwan
75%
EdoTokyo
75%
ZaireCongo
67%
AbyssiniaEthiopia
67%
SaigonHo Chi Minh City
67%
MesopotamiaIraq
67%
CeylonSri Lanka
67%
Leningrad/PetrogradSt. Petersburg
67%
SiamThailand
67%
MadrasChennai
58%
New AmsterdamNew York
58%
Tanganyika and ZanzibarTanzania
58%
KampucheaCambodia
50%
DanzigGdansk
50%
TripolitaniaLibya
50%
Moldavian SSRMoldova
50%
RhodesiaZimbabwe
50%
Byzantium/ConstantinopleIstanbul
42%
NeapolisNaples
42%
StalingradVolgograd
42%
SalisburyHarare
33%
LeopoldvilleKinshasa
33%
OdessosOdessa
33%
PoonaPune
33%
Alma-AtaAlmaty
25%
AngoraAnkara
25%
Pishpek/FrunzeBishkek
25%
CantonGuangzhou
25%
KönigsbergKaliningrad
25%
KristianiaOslo
25%
KishinevChișinău
17%
BataviaJakarta
17%
Hejaz VilayetSaudi Arabia
17%
TiflisTbilisi
17%
BangaloreBengaluru
8%
PondicherryPuducherry
8%
PoltoratskAshgabat
0%
Alexandria in ArachosiaKandahar
0%
ErivanYerevan
0%

Score Distribution

Percentile by Number Answered

Percent of People with Each Score

Your Score History

You have not taken this quiz since the last reset